[Event "GER-chT U20"]
[Site "Kiel"]
[Date "2022.07.26"]
[Round "7.5"]
[White "Steinbach, Julian"]
[Black "Koholka, Jan"]
[Result "1/2-1/2"]
[WhiteElo "1685"]
[BlackElo "1602"]
[PlyCount "62"]
[EventDate "2022.07.22"]
[EventType "team-swiss"]
[EventRounds "7"]
[EventCountry "GER"]
[SourceTitle "CBM 209 Extra"]
[Source "ChessBase"]
[SourceDate "2022.09.30"]
[SourceVersion "1"]
[SourceVersionDate "2022.09.30"]
[SourceQuality "1"]
[WhiteTeam "Kiel Doppelbauer"]
[BlackTeam "Langen"]
[WhiteTeamCountry "GER"]
[BlackTeamCountry "GER"]

1. e4 e5 2. Nf3 Nc6 3. Bc4 Nf6 4. Ng5 d5 5. exd5 Na5 6. Bb5+ c6 7. dxc6 bxc6 8. Be2 h6 9. Nf3 e4 10. Ne5 Qd4 11. Ng4 Bxg4 12. Bxg4 e3 13. Bf3 exf2+ 14. Kf1 Be7 15. Qe2 0-0 16. c3 Qa4 17. Kxf2 Bd6 18. b4 Nb7 19. Qc4 Rac8 20. Re1 Qc2 21. Na3 Qf5 22. Kg1 Bb8 23. Bb2 Nd8 24. Rf1 Qg5 25. d4 Ne6 26. Rae1 Qh4 27. g3 Bxg3 28. hxg3 Qxg3+ 29. Kh1 Qh3+ 30. Kg1 Qg3+ 31. Kh1 Qh3+ 1/2-1/2

[Event "GER-chT U16"]
[Site "Willingen"]
[Date "2021.06.27"]
[Round "7.6"]
[White "Steinbach, Julian"]
[Black "Nakhle, Fabrice"]
[Result "1-0"]
[WhiteElo "1704"]
[BlackElo "1254"]
[PlyCount "119"]
[EventDate "2021.06.23"]
[EventType "team-swiss"]
[EventRounds "7"]
[EventCountry "GER"]
[SourceTitle "CBM 203 Extra"]
[Source "ChessBase"]
[SourceDate "2021.09.30"]
[SourceVersion "1"]
[SourceVersionDate "2021.09.30"]
[SourceQuality "1"]
[WhiteTeam "Kiel Doppelbauer"]
[BlackTeam "Erfurt SK"]
[WhiteTeamCountry "GER"]
[BlackTeamCountry "GER"]

1. e4 c5 2. Nf3 a6 3. c3 e6 4. d4 d5 5. e5 c4 6. Be2 Be7 7. 0-0 Nc6 8. Nbd2 Nh6 9. Re1 Nf5 10. Nf1 0-0 11. Ne3 Kh8 12. Nxf5 exf5 13. Nd2 Rg8 14. f4 Bh4 15. g3 Be7 16. Nf3 Be6 17. b3 b5 18. a4 Qd7 19. Ba3 Bxa3 20. Rxa3 Rgb8 21. b4 h6 22. a5 Re8 23. Kf2 Qe7 24. Qd2 Qf8 25. Rg1 Ra7 26. Raa1 Bc8 27. h3 Ne7 28. Rh1 f6 29. Rag1 Qf7 30. g4 Rg8 31. g5 fxg5 32. fxg5 Ng6 33. gxh6 Qf8 34. Rxg6 f4 35. Rhg1 Bxh3 36. hxg7+ Rgxg7 37. Rxg7 Rxg7 38. Rh1 Qf5 39. Bf1 Rh7 40. Bxh3 Rxh3 41. Rxh3+ Qxh3 42. Qxf4 Qh5 43. Qh4 Qxh4+ 44. Nxh4 Kg7 45. Ke3 Kf7 46. Kf4 Ke6 47. Kg5 Ke7 48. Kf5 Kd7 49. Kf6 Kd8 50. e6 Ke8 51. e7 Kd7 52. Kf7 Kc7 53. e8Q Kb7 54. Qe6 Ka7 55. Qc6 Kb8 56. Qd7 Ka8 57. Ke6 Kb8 58. Kd6 Ka8 59. Kc6 Kb8 60. Qb7# 1-0

[Event "GER-chT Christmas U16 Steinitz"]
[Site "Playchess.com INT"]
[Date "2020.12.28"]
[Round "7.3"]
[White "Pichl, Christoph"]
[Black "Steinbach, Julian"]
[Result "0-1"]
[WhiteElo "1501"]
[BlackElo "1704"]
[PlyCount "96"]
[EventDate "2020.12.28"]
[EventType "team-swiss (blitz)"]
[EventRounds "7"]
[EventCountry "GER"]
[SourceTitle "CBM 200 Extra"]
[Source "ChessBase"]
[SourceDate "2021.03.31"]
[SourceVersion "1"]
[SourceVersionDate "2021.03.31"]
[SourceQuality "1"]
[WhiteTeam "Bad Homburg"]
[BlackTeam "Kiel Doppelbauer"]
[WhiteTeamCountry "GER"]
[BlackTeamCountry "GER"]

1. e4 d6 2. Nf3 Nf6 3. Nc3 e5 4. d4 exd4 5. Nxd4 Be7 6. Bc4 0-0 7. 0-0 Nbd7 8. Bf4 a5 9. a3 Nc5 10. e5 dxe5 11. Bxe5 Ng4 12. Bg3 Bf6 13. Ndb5 c6 14. Qxd8 Rxd8 15. Nd6 Be6 16. Bxe6 fxe6 17. Rad1 Bxc3 18. bxc3 Nf6 19. Rfe1 Ne8 20. Nc4 Rd5 21. Rxd5 exd5 22. Nb6 Ra6 23. Rxe8+ Kf7 24. Re1 Rxb6 25. Bc7 Rb5 26. f3 Ne6 27. Be5 Rb2 28. Re2 Ra2 29. Bd6 c5 30. f4 g6 31. g4 Rxa3 32. f5 gxf5 33. gxf5 Ng7 34. Re7+ Kf6 35. Rxb7 Nxf5 36. Bxc5 Rxc3 37. Rb6+ Ke5 38. Bf8 Rxc2 39. Rb5 a4 40. Ra5 Rc4 41. Ba3 Ke4 42. Kf2 d4 43. Bc1 Rxc1 44. Rxa4 Rc2+ 45. Kg1 Ke3 46. Ra3+ d3 47. Ra7 d2 48. Rd7 Rc1+ 0-1

[Event "GER-chT Christmas U16 Steinitz"]
[Site "Playchess.com INT"]
[Date "2020.12.28"]
[Round "3.3"]
[White "Steinbach, Julian"]
[Black "Bildat, Emilia"]
[Result "1/2-1/2"]
[WhiteElo "1704"]
[BlackElo "1852"]
[PlyCount "56"]
[EventDate "2020.12.28"]
[EventType "team-swiss (blitz)"]
[EventRounds "7"]
[EventCountry "GER"]
[SourceTitle "CBM 200 Extra"]
[Source "ChessBase"]
[SourceDate "2021.03.31"]
[SourceVersion "1"]
[SourceVersionDate "2021.03.31"]
[SourceQuality "1"]
[WhiteTeam "Kiel Doppelbauer"]
[BlackTeam "Werder Bremen"]
[WhiteTeamCountry "GER"]
[BlackTeamCountry "GER"]

1. e4 c5 2. Nf3 g6 3. d4 cxd4 4. Nxd4 Bg7 5. Nc3 Nc6 6. Be3 Nf6 7. f3 d6 8. Be2 0-0 9. Qd2 a6 10. 0-0 Bd7 11. a3 b5 12. Rad1 Rc8 13. a4 b4 14. Nd5 Nxd4 15. Bxd4 Nxd5 16. Bxg7 Kxg7 17. Qd4+ Kg8 18. exd5 a5 19. b3 Rxc2 20. Bc4 Qc7 21. Qe4 Bf5 22. Qd4 h5 23. g4 hxg4 24. fxg4 Bd7 25. Bd3 Rc5 26. Bxg6 f6 27. Qe4 Bc8 28. Bh7+ Kh8 1/2-1/2

[Event "JBLN West 1819"]
[Site "Germany"]
[Date "2018.12.02"]
[Round "3.6"]
[White "Glinzner, Alva"]
[Black "Steinbach, Julian"]
[Result "0-1"]
[WhiteElo "1842"]
[BlackElo "1718"]
[PlyCount "80"]
[EventDate "2018.09.23"]
[EventType "team-tourn"]
[EventRounds "9"]
[EventCountry "GER"]
[SourceTitle "EXT 2020"]
[Source "ChessBase"]
[SourceDate "2019.10.17"]
[SourceVersion "1"]
[SourceVersionDate "2019.10.17"]
[SourceQuality "1"]
[WhiteTeam "Luebeck SV U20"]
[BlackTeam "Kiel Doppelbauer U20"]
[WhiteTeamCountry "GER"]
[BlackTeamCountry "GER"]

1. e4 d6 2. d4 Nf6 3. Nc3 e5 4. dxe5 dxe5 5. Qxd8+ Kxd8 6. Nf3 Bd6 7. Bc4 Ke7 8. Bg5 c6 9. 0-0-0 h6 10. Bxf6+ gxf6 11. Bxf7 Bc5 12. Bb3 Bxf2 13. Rhf1 Be3+ 14. Kb1 Bg4 15. Nh4 Rd8 16. Ng6+ Ke8 17. Bf7+ Kxf7 18. Rxd8 Kxg6 19. Rg8+ Kh5 20. h3 Be6 21. Rg7 Nd7 22. Re7 Nc5 23. Rxf6 Bg5 24. Rfxe6 Rf8 25. a3 Rf1+ 26. Ka2 Nxe6 27. Rxe6 Rf2 28. Rxe5 Rxg2 29. Rf5 Kh4 30. e5 Kxh3 31. e6 h5 32. Re5 h4 33. Ne2 Kg4 34. e7 Bxe7 35. Rxe7 h3 36. Nd4 h2 37. Rh7 Kg3 38. Ne2+ Rxe2 39. Rg7+ Kf2 40. Rf7+ Kg1 0-1

[Event "Rheinland Pfalz op 10th"]
[Site "Nickenich"]
[Date "2018.05.03"]
[Round "7"]
[White "Marechal, Georges"]
[Black "Steinbach, Julian"]
[Result "0-1"]
[WhiteElo "1682"]
[BlackElo "1437"]
[PlyCount "64"]
[EventDate "2018.05.31"]
[EventType "swiss"]
[EventRounds "7"]
[EventCountry "GER"]
[SourceTitle "EXT 2019"]
[Source "ChessBase"]
[SourceDate "2018.10.10"]
[SourceVersion "1"]
[SourceVersionDate "2018.10.10"]
[SourceQuality "1"]

1. e4 d6 2. d4 Nf6 3. Nc3 e5 4. dxe5 dxe5 5. Qxd8+ Kxd8 6. Bg5 Be6 7. 0-0-0+ Bd6 8. Bxf6+ gxf6 9. Nb5 Ke7 10. Rxd6 cxd6 11. Nc7 Nd7 12. Nxa8 Rxa8 13. b3 Rc8 14. Kb2 f5 15. Bd3 Nc5 16. f3 fxe4 17. fxe4 f5 18. b4 Nxe4 19. Nf3 Nc3 20. Nh4 e4 21. Bf1 Nd5 22. a3 Ne3 23. c3 Nd1+ 24. Kc2 Nxc3 25. g3 d5 26. Bh3 Nb5+ 27. Kb2 Nd4 28. Ng2 Rc2+ 29. Kb1 Rc3 30. Kb2 Rf3 31. Nh4 Rf2+ 32. Kc3 Nb5+ 0-1